000
00197 a2200097 4500
001
56731
100
_a
245
_a
Have you ever found a beetle
260
_a
USA
_b
Elek
_c
090
_c
34862
_d
34862
942
_a
NUST-CAE
_c
_c
27627
999
_c
291804
_d
291804